Vzory súdnych podaní pre občanov

Saved in:
Bibliographic Details
Main Author: Trúchly, Karol
Other Authors: Baláž, Peter
Format: Book
Language:Slovak
Published: Bratislava EPOS 1993
Edition:1. vyd.
Subjects:
Tags: Add Tag
No Tags, Be the first to tag this record!

MARC

LEADER 00000nam a2200000 4500
001 c009446
005 20221214083823.5
020 |a 80-966982-2-2 
041 0 |a slo 
044 |a SK 
245 1 0 |a Vzory súdnych podaní pre občanov  |c Karol Trúchly, Peter Baláž 
250 |a 1. vyd. 
264 1 |a Bratislava  |b EPOS  |c 1993 
300 |a 176 s. 
610 2 0 |a podania súdne 
610 2 0 |a súdnictvo 
610 2 0 |a právo občianske 
100 1 |a Trúchly, Karol 
700 1 |a Baláž, Peter